00505cam a2200133 4500008004100000035001200041100003300053245014700086250001100233260003800244300002200282504002100304650004600325090115t19721972mx 000 0 spa u aa4778261 aAlonso González, Francisco10aHistoria y Petróleo : bMéxico en su lucha por la independencia económica : b El problema del petróleo /cFrancisco Alonso González a1a ed. aMéxico. : bCaballito., cc1972 a322 p. ; c20 cm. aIncluye índice 7aIndustria del petróleozMéxico 2Lemb